1920 1052 1840 1479 1140 1248 1445 1976 1255 1022 1448 1766 1951 1522 1953 1131 1786 1955 1713 1757 1994 1378 1234 1703 1008 1107 1238 1827 1263 1493 1707 1087 1808 1117 1475 1373 1880 1908 1105 1603 1335 1570 1584 1763 1746 1062 1880 1945 1191 1206 1938 1135 1331 1932 1654 1550 1245 1562 1517 1678 1580 1716 1891 1146 1724 1749 1933 1479 1928 1700 1946 1570 1370 1020 1457 1150 1438 1496 1527 1411 1995 1912 1043 1189 1802 1552 1139 1938 1253 1397 1656 1747 1414 1423 1884 1191 1994 1805 1494 BCNSPRNW ULIB Ver.6.0+V

เปลี่ยนเป็นภาษาไทย

Change to English
 แสดงรายละเอียดบรรณานุกรม
  กลับหน้าหลัก

Brief Record : Get Marc (ISO 2709) : E-mail record : QR code < ปิดหน้าต่าง
LEADER : 00000nam a2200000Ia 4500
001    13399119973
003     ULIB
008    120501s2554 th a 000 0 tha d
020    ^a9786162710018
060 04 ^aWF26^bก456
245 00 ^aการนำเครื่องช่วยหายใจชนิด Non-invasive มาใช้ในเวชปฏิบัติ =^bPractical application of non-invasive ventilation /^cรังสรรค์ ภูรยานนทชัย, บรรณาธิการ
246 31 ^aPractical application of non-invasive ventilation
250    ^aพิมพ์ครั้งที่ 1
260    ^aสงขลา :^bคณะแพทยศาสตร์ มหาวิทยาลัยสงขลานครินทร์,^c2554
300    ^a160 หน้า :^bภาพประกอบ ;^c22 ซม.
650  4 ^aเครื่องช่วยหายใจ
650  4 ^aเครื่องช่วยหายใจ^xการใช้รักษา
700 0  ^aรังสรรค์ ภูรยานนทชัย,^eบรรณาธิการ
710 2  ^aมหาวิทยาลัยสงขลานครินทร์. ^bคณะแพทยศาสตร์
945    ^p300^l0^i19241
945    ^p300^l0^i19242
945    ^p300^l0^i19622
945    ^p300^l0^i19623
995    ^aเกษร
999    ^aใช้งานได้ทุกระบบ
รายการนี้ยังไม่มีแท็ก
คุณยังไม่ได้ล็อกอิน คุณสามารถมีกิจกรรมร่วมกับเว็บไซต์ได้ แต่ต้องล็อกอินก่อน ::
  ล็อกอิน

รายการสื่อสารสนเทศ

ลำดับที่ ประเภท เลขเรียก/บาร์โค้ด สถานที่ สถานะ
1. วิทยาศาสตร์การแพทย์ และสุขภาพ
วิทยาศาสตร์การแพทย์ และสุขภาพ
สถานะ=หนังสือเก่า
WF26 ก456 ฉ.1 
  Barcode: 19241
ห้องสมุดวิทยาเขตนครสวรรค์
►ส่วนจัดเก็บหนังสือเก่า นว.
บนชั้น
  ขอยืม
2. วิทยาศาสตร์การแพทย์ และสุขภาพ
วิทยาศาสตร์การแพทย์ และสุขภาพ
สถานะ=หนังสือเก่า
WF26 ก456 ฉ.2 
  Barcode: 19242
ห้องสมุดวิทยาเขตนครสวรรค์
►ส่วนจัดเก็บหนังสือเก่า นว.
บนชั้น
  ขอยืม
3. วิทยาศาสตร์การแพทย์ และสุขภาพ
วิทยาศาสตร์การแพทย์ และสุขภาพ
สถานะ=หนังสือเก่า
WF26 ก456 ฉ.3 
  Barcode: 19622
ห้องสมุดวิทยาเขตนครสวรรค์
►ส่วนจัดเก็บหนังสือเก่า นว.
บนชั้น
  ขอยืม
4. วิทยาศาสตร์การแพทย์ และสุขภาพ
วิทยาศาสตร์การแพทย์ และสุขภาพ
สถานะ=หนังสือเก่า
WF26 ก456 ฉ.4 
  Barcode: 19623
ห้องสมุดวิทยาเขตนครสวรรค์
►ส่วนจัดเก็บหนังสือเก่า นว.
บนชั้น
  ขอยืม

รายการใกล้เคียง
    หัวเรื่อง [เครื่องช่วยหายใจ]

BibComment


ยังไม่เคยถูกคอมเมนท์

คอมเมนท์ทรัพยากรรายการนี้
  คอมเมนท์: การนำเครื่องช่วย..


 Copyright 2026. Bcnsprnw @Library